000
00328nam a2200133Ia 4500
008
151001s9999||||xx |||||||||||||| ||und||
100
_a
एस एम काशीकर
245
_a
बेदरकार
250
_a
1
260
_b
मनमोहिनी
260
_c
1987
300
_a
156
365
_b
18
999
_c
965529
_d
965526